| 000 | 00608nam a2200169 4500 | ||
|---|---|---|---|
| 001 | 114189 | ||
| 003 | ES-MaACL | ||
| 005 | 20230906190109.0 | ||
| 007 | t| | ||
| 008 | 061121s1915 sp r ||||1| spa d | ||
| 100 | 1 |
_aPalomo Ruiz, Luis. _9143192 |
|
| 245 | 1 | 3 |
_aEl proyecto de segunda escuadra _b: intervención de D. Luis Palomo en el debate celebrado en el Senado en el mes de febrero de 1915 / _cLuis Palomo. |
| 260 |
_aMadrid : _b[s. n.], _c1915 ( _fSucesores de J. A. García) |
||
| 300 |
_a71 p. ; _c19 cm. |
||
| 710 | 1 |
_aEspaña. _bCortes Generales. _bSenado. _93674 |
|
| 852 | 4 |
_aES-MaACL _jT-1445-F-7 |
|
| 999 |
_c114189 _d114189 |
||